000 00327nam a22001457a 4500
003 OSt
008 250417b |||||||| |||| 00| 0 eng d
020 _a9781800816282
082 _a158.1 GRD
100 _aGREENE,Robert
245 _aDaily Laws
260 _aLondon
_bProfiles Books
_c2023
300 _a453
942 _2ddc
_cREF
999 _c13307
_d13307